[Event "Arco Christmas op 11th"]
[Site "Arco"]
[Date "2021.12.27"]
[Round "2"]
[White "Zarpellon, Daniele"]
[Black "Lezzerini, Marco"]
[Result "0-1"]
[WhiteElo "1971"]
[BlackElo "2088"]
[PlyCount "114"]
[EventDate "2021.12.26"]
[EventType "swiss"]
[EventRounds "7"]
[EventCountry "ITA"]
[SourceTitle "CBM 205 Extra"]
[Source "ChessBase"]
[SourceDate "2022.01.31"]
[SourceVersion "1"]
[SourceVersionDate "2022.01.31"]
[SourceQuality "1"]

1. c4 c5 2. Nc3 Nc6 3. g3 g6 4. Bg2 Bg7 5. d3 d6 6. a3 e6 7. e4 Nge7 8. Nge2 0-0 9. 0-0 Nd4 10. Nxd4 cxd4 11. Ne2 a5 12. b3 Nc6 13. h3 e5 14. Bd2 f5 15. Kh2 f4 16. Ng1 g5 17. Bf3 Qf6 18. Kg2 Be6 19. Bg4 Bf7 20. Bh5 Bg6 21. Bxg6 Qxg6 22. g4 Rf7 23. f3 Bf6 24. Kf2 h5 25. Ke2 Rh7 26. Be1 Qf7 27. Bf2 Rb8 28. Qc2 Qe6 29. Rfc1 Nd8 30. b4 hxg4 31. hxg4 Nf7 32. Rf1 Nh6 33. Kd2 Rc7 34. Qd1 b5 35. cxb5 axb4 36. axb4 Rxb5 37. Qa4 Rcb7 38. Rfb1 Nf7 39. Ne2 d5 40. exd5 Qxd5 41. Qa8+ Kg7 42. Ng1 Be7 43. Ke2 Bxb4 44. Kf1 Bc3 45. Rxb5 Qxb5 46. Ra6 e4 47. Re6 e3 48. Re8 exf2 49. Kxf2 Bd2 50. Rg8+ Kh7 51. Qf8 Qe5 52. Kg2 Nh6 53. Qc8 Nxg8 54. Qxb7+ Ne7 55. Qd7 Be1 56. Qe8 Kg7 57. Qh5 Ng6 0-1

[Event "Arco op 42nd"]
[Site "Arco"]
[Date "2020.10.13"]
[Round "4.8"]
[White "Ruecker, Benjamin"]
[Black "Lezzerini, Marco"]
[Result "1/2-1/2"]
[WhiteElo "2202"]
[BlackElo "2122"]
[PlyCount "197"]
[EventDate "2020.10.10"]
[EventType "swiss"]
[EventRounds "9"]
[EventCountry "ITA"]
[SourceTitle "CBM 198 Extra"]
[Source "ChessBase"]
[SourceDate "2020.11.30"]
[SourceVersion "1"]
[SourceVersionDate "2020.11.30"]
[SourceQuality "1"]

1. c4 c5 2. g3 Nc6 3. Bg2 g6 4. Nc3 Bg7 5. Nf3 d6 6. 0-0 e6 7. e3 Nge7 8. d4 0-0 9. Re1 b6 10. b3 Bb7 11. Ba3 Rb8 12. Qd2 Re8 13. Rad1 cxd4 14. Nb5 dxe3 15. Qxe3 Nf5 16. Qc1 d5 17. cxd5 exd5 18. Rxe8+ Qxe8 19. Nc7 Qd7 20. Nxd5 Ncd4 21. Nxd4 Nxd4 22. Qc4 Bxd5 23. Bxd5 Rd8 24. Re1 b5 25. Qc5 Bf8 26. Qxd4 Bxa3 27. Rd1 Bd6 28. Qf6 Rf8 29. Bxf7+ Qxf7 30. Qxf7+ Rxf7 31. Rxd6 Kg7 32. Ra6 h5 33. h4 Rc7 34. Kg2 Rf7 35. f4 Rc7 36. Ra5 Kf6 37. Kh3 Rb7 38. b4 Ke6 39. Ra6+ Kf5 40. Rc6 Rb8 41. Kg2 Rd8 42. Rc5+ Kf6 43. a3 Rd2+ 44. Kh3 Rd3 45. Rc6+ Kf5 46. Ra6 Ke4 47. Rxg6 Kf3 48. Rc6 Rxa3 49. f5 Ra1 50. Rc3+ Kf2 51. Kh2 Ra6 52. Rc5 Rb6 53. f6 Rxf6 54. Rxb5 Rh6 55. Kh3 Kf3 56. Rf5+ Ke4 57. Rf7 a6 58. g4 hxg4+ 59. Kxg4 Rg6+ 60. Kh5 Rb6 61. Rg7 Kf5 62. Rg5+ Kf4 63. Rg6 Rb5+ 64. Kh6 Rxb4 65. Rxa6 Kf5 66. h5 Rh4 67. Ra1 Kf6 68. Rf1+ Ke7 69. Kg6 Rg4+ 70. Kh7 Rg2 71. h6 Rg3 72. Kh8 Rg2 73. Ra1 Kf7 74. Ra7+ Kf8 75. Kh7 Rg1 76. Kh8 Rg8+ 77. Kh7 Rg1 78. Ra8+ Kf7 79. Kh8 Rg2 80. Ra7+ Kf8 81. Rg7 Rh2 82. Kh7 Rf2 83. Kg6 Rg2+ 84. Kh7 Rf2 85. Ra7 Rg2 86. Ra6 Kf7 87. Ra4 Rf2 88. Ra1 Rf3 89. Kh8 Rf2 90. Kh7 Rf3 91. Ra7+ Kf8 92. Kg6 Rg3+ 93. Kf6 Rf3+ 94. Kg5 Kg8 95. Ra8+ Kh7 96. Ra7+ Kh8 97. Kg6 Rg3+ 98. Kf7 Kh7 99. Kf6+ 1/2-1/2

[Event "Arco op 42nd"]
[Site "Arco"]
[Date "2020.10.12"]
[Round "3.15"]
[White "Lezzerini, Marco"]
[Black "Proietti, Tosca"]
[Result "1-0"]
[WhiteElo "2122"]
[BlackElo "1876"]
[PlyCount "177"]
[EventDate "2020.10.10"]
[EventType "swiss"]
[EventRounds "9"]
[EventCountry "ITA"]
[SourceTitle "CBM 198 Extra"]
[Source "ChessBase"]
[SourceDate "2020.11.30"]
[SourceVersion "1"]
[SourceVersionDate "2020.11.30"]
[SourceQuality "1"]

1. d4 Nf6 2. c4 c5 3. d5 e6 4. Nc3 exd5 5. cxd5 d6 6. Nf3 g6 7. Nd2 Bg7 8. e4 0-0 9. Be2 Re8 10. 0-0 Nbd7 11. a4 Ne5 12. Ndb1 c4 13. h3 a6 14. f4 Ned7 15. Nd2 Nc5 16. e5 dxe5 17. Nxc4 exf4 18. Bxf4 Nfe4 19. Nxe4 Rxe4 20. Be3 Rxe3 21. Nxe3 Bxb2 22. Ra2 Bg7 23. Bc4 Bd7 24. d6 Be6 25. Bxe6 Nxe6 26. Kh1 Bd4 27. Nc4 Qh4 28. Qf3 Ng5 29. Qf4 Qxf4 30. Rxf4 Ne6 31. Rf1 Rc8 32. Na5 b5 33. axb5 axb5 34. Nb3 Be5 35. d7 Rd8 36. Ra7 Kf8 37. Na5 Bd4 38. Rb7 Nc5 39. Rxb5 Rxd7 40. Rd1 Ne4 41. Kh2 Nc3 42. Rb8+ Kg7 43. Re1 Bf2 44. Rf1 Ne4 45. Rb4 Bg3+ 46. Kg1 f5 47. Rb7 Rxb7 48. Nxb7 Kf6 49. Na5 h6 50. Nc4 h5 51. Rf3 h4 52. Nb2 Ke6 53. Nd3 Kf6 54. Rf1 Ke6 55. Ra1 Kf7 56. Kf1 Kf6 57. Ra6+ Kg5 58. Ne1 Bxe1 59. Kxe1 Nc5 60. Rb6 Nd3+ 61. Ke2 Nf4+ 62. Kf3 Nh5 63. Rb8 Ng3 64. Rb2 Nh5 65. Ra2 Ng3 66. Ra5 Nh5 67. Ke3 Ng3 68. Ra6 Nh5 69. Kd4 Nf4 70. Ra2 Nh5 71. Ke5 Ng3 72. Rf2 Nh5 73. Ke6 Nf4+ 74. Kf7 Nh5 75. Ra2 Kh6 76. Rb2 Kg5 77. Rc2 Kh6 78. Rc6 Nf4 79. Kf6 Nxg2 80. Rc8 Kh7 81. Rc7+ Kh6 82. Rc8 Kh7 83. Kg5 f4 84. Rc7+ Kg8 85. Kxg6 Kf8 86. Rc2 f3 87. Kg5 Ke7 88. Rf2 Nf4 89. Kxf4 1-0

[Event "Arco op 42nd"]
[Site "Arco"]
[Date "2020.10.10"]
[Round "1.22"]
[White "Lezzerini, Marco"]
[Black "Morselli, Stefano"]
[Result "1-0"]
[WhiteElo "2122"]
[BlackElo "1757"]
[PlyCount "75"]
[EventDate "2020.10.10"]
[EventType "swiss"]
[EventRounds "9"]
[EventCountry "ITA"]
[SourceTitle "CBM 198 Extra"]
[Source "ChessBase"]
[SourceDate "2020.11.30"]
[SourceVersion "1"]
[SourceVersionDate "2020.11.30"]
[SourceQuality "1"]

1. d4 c5 2. d5 Nf6 3. c4 b5 4. cxb5 a6 5. e3 g6 6. Nc3 Bg7 7. e4 0-0 8. Nf3 d6 9. h3 axb5 10. Bxb5 Nxe4 11. Nxe4 Qa5+ 12. Nc3 Bxc3+ 13. bxc3 Qxb5 14. Nd2 c4 15. Ne4 Bf5 16. Qd4 f6 17. Bh6 Re8 18. 0-0 Nd7 19. Rfb1 Qa6 20. Rb4 Rec8 21. Ng3 Bd3 22. Qg4 f5 23. Qd4 Nf6 24. Bg5 Kf7 25. Bxf6 exf6 26. Re1 Qa7 27. Qh4 Kg7 28. Re6 Qf7 29. a4 Rc5 30. Rxd6 Rxd5 31. Rxf6 Qd7 32. Rfb6 Ra7 33. Qg5 Qc7 34. Nh5+ Kf7 35. Qf6+ Ke8 36. Ng7+ Kd7 37. Qe6+ Kd8 38. Qe8# 1-0

[Event "Arco Christmas op 10th"]
[Site "Arco"]
[Date "2019.12.30"]
[Round "7"]
[White "Lezzerini, Marco"]
[Black "Tomulic, Teo"]
[Result "0-1"]
[WhiteElo "2127"]
[BlackElo "2384"]
[PlyCount "54"]
[EventDate "2019.12.26"]
[EventType "swiss"]
[EventRounds "7"]
[EventCountry "ITA"]
[SourceTitle "CBM 194 Extra"]
[Source "ChessBase"]
[SourceDate "2020.03.31"]
[SourceVersion "1"]
[SourceVersionDate "2020.03.31"]
[SourceQuality "1"]

1. d4 Nf6 2. c4 e5 3. dxe5 Ng4 4. Nf3 Bc5 5. e3 Nc6 6. Nc3 Ngxe5 7. Be2 0-0 8. 0-0 d6 9. b3 a5 10. Bb2 Be6 11. Nd4 Qh4 12. Nd5 Rac8 13. Nb5 Qd8 14. Qd2 Re8 15. Kh1 Bxd5 16. cxd5 Bb4 17. Qd1 Ne7 18. f4 Nd7 19. Rc1 Nf5 20. Bg4 Nxe3 21. Qd4 Nf6 22. Bxc8 Nxf1 23. Bxb7 Bc5 24. Qd3 Ng4 25. Rxf1 Re1 26. Qc4 Qh4 27. h3 Qg3 0-1

[Event "Arco op 41st"]
[Site "Arco"]
[Date "2019.10.09"]
[Round "6"]
[White "Lezzerini, Marco"]
[Black "Di Chiara, Mauro"]
[Result "1-0"]
[WhiteElo "2116"]
[BlackElo "1878"]
[PlyCount "130"]
[EventDate "2019.10.04"]
[EventType "swiss"]
[EventRounds "9"]
[EventCountry "ITA"]
[SourceTitle "EXT 2020"]
[Source "ChessBase"]
[SourceDate "2019.10.17"]
[SourceVersion "1"]
[SourceVersionDate "2019.10.17"]
[SourceQuality "1"]

1. d4 Nf6 2. c4 g6 3. g3 Bg7 4. Bg2 0-0 5. Nc3 d6 6. Nf3 Nc6 7. 0-0 e5 8. dxe5 Nxe5 9. b3 c6 10. Nxe5 dxe5 11. Ba3 Re8 12. Qxd8 Rxd8 13. Rad1 Be6 14. Na4 Bf8 15. Bxf8 Kxf8 16. Nc5 Rab8 17. Rxd8+ Rxd8 18. Nxb7 Rd2 19. Bxc6 Rxa2 20. Re1 Nd7 21. f3 Rb2 22. Bxd7 Bxd7 23. Nc5 Bf5 24. Kf2 Bc2 25. Ra1 Bxb3 26. Nxb3 Rxb3 27. Rxa7 Rc3 28. Rc7 h5 29. h3 Kg7 30. c5 Kf6 31. g4 hxg4 32. hxg4 Ke6 33. Ke1 g5 34. Kd2 Ra3 35. c6 Ra2+ 36. Kd3 Ra3+ 37. Kc4 Re3 38. Rd7 Rxe2 39. Rd3 Rc2+ 40. Kb5 f5 41. gxf5+ Kxf5 42. Rd8 Ke6 43. Kb6 Rb2+ 44. Ka7 Ra2+ 45. Kb7 Rb2+ 46. Kc8 Rb3 47. c7 Rxf3 48. Kb7 Rb3+ 49. Kc6 Rc3+ 50. Kb6 Rb3+ 51. Ka5 Rc3 52. c8Q+ Rxc8 53. Rxc8 Kd5 54. Kb4 Kd4 55. Rd8+ Ke3 56. Rg8 Kf4 57. Kc3 g4 58. Kd3 Kf3 59. Rf8+ Kg2 60. Ke2 g3 61. Rg8 e4 62. Rg4 Kh2 63. Rh4+ Kg1 64. Rxe4 g2 65. Rg4 Kh2 1-0

[Event "Arco op 41st"]
[Site "Arco"]
[Date "2019.10.08"]
[Round "5"]
[White "Horvath, Jozsef"]
[Black "Lezzerini, Marco"]
[Result "1-0"]
[WhiteElo "2450"]
[BlackElo "2116"]
[PlyCount "111"]
[EventDate "2019.10.04"]
[EventType "swiss"]
[EventRounds "9"]
[EventCountry "ITA"]
[SourceTitle "EXT 2020"]
[Source "ChessBase"]
[SourceDate "2019.10.17"]
[SourceVersion "1"]
[SourceVersionDate "2019.10.17"]
[SourceQuality "1"]

1. d4 e6 2. Nf3 c5 3. e3 d5 4. c4 Nf6 5. cxd5 exd5 6. Nc3 a6 7. Be2 Be7 8. 0-0 0-0 9. b3 cxd4 10. Nxd4 Nc6 11. Bb2 Re8 12. Rc1 Bd6 13. Nxc6 bxc6 14. Na4 Bd7 15. Nc5 Ne4 16. Nxe4 Rxe4 17. Bf3 Re8 18. g3 Qe7 19. Qd4 f6 20. Rfd1 Be5 21. Qd2 Bxb2 22. Qxb2 f5 23. Qd4 a5 24. Rc5 g6 25. Qc3 Qg7 26. Rd4 g5 27. Rxa5 Rxa5 28. Qxa5 f4 29. Qd2 fxe3 30. fxe3 Rf8 31. Bg2 Bf5 32. b4 Kh8 33. a4 Qf6 34. Qf2 Qe7 35. Qd2 Qf6 36. Qb2 Kg8 37. Rd2 Qe6 38. Qd4 Bh3 39. Bxh3 Qxh3 40. Rd1 Qf5 41. Qd2 h6 42. b5 cxb5 43. axb5 Rd8 44. Qd4 Re8 45. b6 Rb8 46. Rf1 Qe4 47. Qxe4 dxe4 48. Rb1 Rb7 49. Kf2 Kf7 50. Ke2 Ke6 51. Kd2 Kd5 52. Kc3 Kc5 53. g4 Kd5 54. Rb5+ Kc6 55. Kc4 Kd6 56. Rf5 1-0

[Event "Arco op 41st"]
[Site "Arco"]
[Date "2019.10.07"]
[Round "4"]
[White "Lezzerini, Marco"]
[Black "Schneider, Johannes1111"]
[Result "1-0"]
[WhiteElo "2116"]
[BlackElo "1898"]
[PlyCount "79"]
[EventDate "2019.10.04"]
[EventType "swiss"]
[EventRounds "9"]
[EventCountry "ITA"]
[SourceTitle "EXT 2020"]
[Source "ChessBase"]
[SourceDate "2019.10.17"]
[SourceVersion "1"]
[SourceVersionDate "2019.10.17"]
[SourceQuality "1"]

1. d4 d5 2. c4 e6 3. Nc3 Nf6 4. cxd5 exd5 5. Bg5 Be7 6. e3 c6 7. Bd3 0-0 8. Qc2 Nbd7 9. Nf3 Re8 10. 0-0 Nf8 11. h3 g6 12. Rab1 Ne6 13. Bh4 Ng7 14. b4 a6 15. a4 Bf5 16. Bxf5 Nxf5 17. Bxf6 Bxf6 18. b5 axb5 19. axb5 Qd6 20. bxc6 bxc6 21. Na4 Ng7 22. Nc5 Ra7 23. Rfc1 Rc8 24. Ne1 Ne6 25. Ned3 Nxc5 26. Nxc5 Be7 27. Rb3 Qf6 28. Nd3 Bd6 29. Rb6 Rac7 30. Qa4 Qe6 31. Nc5 Bxc5 32. Rxc5 Kf8 33. Qb4 Ke8 34. Rb7 Kd8 35. Qb6 Qd7 36. e4 dxe4 37. d5 cxd5 38. Qa5 Ke8 39. Rbxc7 Rxc7 40. Qxc7 1-0

[Event "Arco op 41st"]
[Site "Arco"]
[Date "2019.10.04"]
[Round "1"]
[White "Dai Campi, Danilo"]
[Black "Lezzerini, Marco"]
[Result "0-1"]
[WhiteElo "1757"]
[BlackElo "2116"]
[PlyCount "58"]
[EventDate "2019.10.04"]
[EventType "swiss"]
[EventRounds "9"]
[EventCountry "ITA"]
[SourceTitle "EXT 2020"]
[Source "ChessBase"]
[SourceDate "2019.10.17"]
[SourceVersion "1"]
[SourceVersionDate "2019.10.17"]
[SourceQuality "1"]

1. e4 e6 2. Nc3 d5 3. Nf3 d4 4. Ne2 c5 5. c3 Nc6 6. cxd4 cxd4 7. Qa4 Bc5 8. b4 Bxb4 9. Nexd4 Nge7 10. Bb5 Qa5 11. Ne5 Qxa4 12. Bxa4 Bd7 13. Nxd7 Kxd7 14. Rb1 Bc5 15. Nb3 Bb6 16. Ba3 Rad8 17. Rc1 f5 18. exf5 exf5 19. 0-0 Nd5 20. Nc5+ Bxc5 21. Bxc5 a6 22. Rfe1 Rhe8 23. g3 g6 24. Kf1 Nf6 25. f3 b5 26. Bb3 Ne5 27. Bd4 Nd3 28. Rxe8 Rxe8 29. Be3 Nxc1 0-1

[Event "Treviso Master op 3rd"]
[Site "Treviso"]
[Date "2019.03.30"]
[Round "2.11"]
[White "Lezzerini, Marco"]
[Black "Kacani, Kirk"]
[Result "1/2-1/2"]
[WhiteElo "2089"]
[BlackElo "1991"]
[PlyCount "43"]
[EventDate "2019.03.29"]
[EventType "swiss"]
[EventRounds "5"]
[EventCountry "ITA"]
[SourceTitle "EXT 2024"]
[Source "ChessBase"]
[SourceDate "2023.10.10"]
[SourceVersion "1"]
[SourceVersionDate "2023.10.10"]
[SourceQuality "1"]

1. d4 Nf6 2. c4 e6 3. Nc3 Bb4 4. e3 d5 5. Nge2 0-0 6. a3 Be7 7. cxd5 exd5 8. Nf4 c6 9. Bd3 Re8 10. 0-0 Nbd7 11. Qc2 Nf8 12. f3 Ne6 13. Nfe2 c5 14. Bf5 g6 15. Bh3 Ng7 16. Bxc8 Rxc8 17. Qd3 h5 18. Rd1 Nf5 19. dxc5 Bxc5 20. Nd4 Bxd4 21. exd4 Qb6 22. Ne2 1/2-1/2

[Event "Treviso Master op 3rd"]
[Site "Treviso"]
[Date "2019.03.30"]
[Round "3.11"]
[White "Ridolfo, Enrico"]
[Black "Lezzerini, Marco"]
[Result "1/2-1/2"]
[WhiteElo "2065"]
[BlackElo "2089"]
[PlyCount "45"]
[EventDate "2019.03.29"]
[EventType "swiss"]
[EventRounds "5"]
[EventCountry "ITA"]
[SourceTitle "EXT 2024"]
[Source "ChessBase"]
[SourceDate "2023.10.10"]
[SourceVersion "1"]
[SourceVersionDate "2023.10.10"]
[SourceQuality "1"]

1. e4 c5 2. a3 d5 3. exd5 Qxd5 4. Nc3 Qe5+ 5. Qe2 Qxe2+ 6. Bxe2 Bd7 7. Nf3 Nc6 8. d3 Nf6 9. Bf4 a6 10. 0-0 e6 11. Rad1 Be7 12. Ne4 Nxe4 13. dxe4 f6 14. e5 0-0-0 15. Rfe1 Rhe8 16. c3 g5 17. exf6 gxf4 18. fxe7 Rxe7 19. Rd6 Kc7 20. Red1 Bc8 21. Rxd8 Nxd8 22. Ne5 b6 23. b4 1/2-1/2

[Event "Arco Christmas op 9th"]
[Site "Arco"]
[Date "2018.12.29"]
[Round "6"]
[White "Astengo, Corrado"]
[Black "Lezzerini, Marco"]
[Result "1/2-1/2"]
[WhiteElo "2120"]
[BlackElo "2122"]
[PlyCount "39"]
[EventDate "2018.12.26"]
[EventType "swiss"]
[EventRounds "7"]
[EventCountry "ITA"]
[SourceTitle "CBM 188 Extra"]
[Source "ChessBase"]
[SourceDate "2019.02.26"]
[SourceVersion "1"]
[SourceVersionDate "2019.02.26"]
[SourceQuality "1"]

1. e4 c5 2. Nf3 e6 3. d4 cxd4 4. Nxd4 Nf6 5. Nc3 d6 6. g4 h6 7. h4 Be7 8. Rg1 d5 9. Bb5+ Bd7 10. exd5 Bxb5 11. Ndxb5 a6 12. d6 axb5 13. dxe7 Qxd1+ 14. Kxd1 b4 15. Nb5 Kxe7 16. Be3 Nbd7 17. Bd2 Nd5 18. c4 bxc3 19. Nxc3 N7b6 20. Ke2 1/2-1/2

[Event "Arco Christmas op 9th"]
[Site "Arco"]
[Date "2018.12.28"]
[Round "4"]
[White "Pasini, Nicolo"]
[Black "Lezzerini, Marco"]
[Result "1-0"]
[WhiteElo "2192"]
[BlackElo "2122"]
[PlyCount "37"]
[EventDate "2018.12.26"]
[EventType "swiss"]
[EventRounds "7"]
[EventCountry "ITA"]
[SourceTitle "CBM 188 Extra"]
[Source "ChessBase"]
[SourceDate "2019.02.26"]
[SourceVersion "1"]
[SourceVersionDate "2019.02.26"]
[SourceQuality "1"]

1. e4 c5 2. Nf3 e6 3. b3 a6 4. Bb2 d5 5. exd5 exd5 6. Qe2+ Be6 7. g3 h6 8. Bh3 Qe7 9. Bg2 Bf5 10. Qxe7+ Nxe7 11. d3 Nbc6 12. Nc3 0-0-0 13. Nh4 Be6 14. Na4 Ng8 15. f4 b5 16. f5 bxa4 17. fxe6 a3 18. Bxa3 Re8 19. 0-0 1-0

[Event "Arco op 40th"]
[Site "Arco"]
[Date "2018.10.20"]
[Round "8"]
[White "Lezzerini, Marco"]
[Black "Massironi, Marco"]
[Result "0-1"]
[WhiteElo "2107"]
[BlackElo "2226"]
[PlyCount "44"]
[EventDate "2018.10.13"]
[EventType "swiss"]
[EventRounds "9"]
[EventCountry "ITA"]
[SourceTitle "CBM 186 Extra"]
[Source "ChessBase"]
[SourceDate "2018.08.24"]
[SourceVersion "1"]
[SourceVersionDate "2018.08.24"]
[SourceQuality "1"]

1. d4 Nf6 2. c4 g6 3. g3 d5 4. cxd5 Nxd5 5. Bg2 Bg7 6. Nf3 Nb6 7. Nc3 Nc6 8. e3 0-0 9. 0-0 a5 10. b3 Nb4 11. Bb2 Bf5 12. e4 Bg4 13. Ne2 c5 14. Bc3 f5 15. dxc5 fxe4 16. Nfd4 N6d5 17. Bxb4 axb4 18. Qc2 Bxe2 19. Nxe2 Bxa1 20. Rxa1 e6 21. Bxe4 Qf6 22. Rf1 Ne3 0-1

[Event "Arco op 40th"]
[Site "Arco"]
[Date "2018.10.19"]
[Round "7"]
[White "Zeller, Frank"]
[Black "Lezzerini, Marco"]
[Result "1-0"]
[WhiteElo "2374"]
[BlackElo "2107"]
[PlyCount "137"]
[EventDate "2018.10.13"]
[EventType "swiss"]
[EventRounds "9"]
[EventCountry "ITA"]
[SourceTitle "CBM 186 Extra"]
[Source "ChessBase"]
[SourceDate "2018.08.24"]
[SourceVersion "1"]
[SourceVersionDate "2018.08.24"]
[SourceQuality "1"]

1. e4 c5 2. Nf3 e6 3. d4 cxd4 4. Nxd4 Nf6 5. Nc3 d6 6. g4 h6 7. Be3 Nc6 8. Rg1 Be7 9. Qe2 Nxd4 10. Bxd4 e5 11. Be3 Be6 12. 0-0-0 Rc8 13. Qb5+ Kf8 14. Bxa7 Qc7 15. Bb6 Qc6 16. f3 Bxa2 17. Qxc6 Rxc6 18. Be3 Be6 19. h4 g6 20. Bb5 Rc8 21. Nd5 Bxd5 22. exd5 Ne8 23. Rh1 h5 24. g5 Ng7 25. Rd3 Nf5 26. Bd7 Ra8 27. Kb1 Nxe3 28. Rxe3 Bd8 29. Rb3 b6 30. f4 Ra7 31. Bb5 exf4 32. Rf1 Kg7 33. Rxf4 Rf8 34. Rg3 f6 35. gxf6+ Rxf6 36. Re4 Re7 37. Rxe7+ Bxe7 38. Bd3 Kf8 39. Bxg6 Rf1+ 40. Ka2 Bxh4 41. Rh3 Rf4 42. Bxh5 Ke7 43. Bg6 Kd8 44. Ra3 Bf2 45. Ra8+ Kc7 46. Ra7+ Kc8 47. Be8 Bg1 48. Bc6 Bf2 49. c3 Bg1 50. Rd7 Rf6 51. Kb3 Bf2 52. Kc4 Rf4+ 53. Kb5 Rf6 54. Rg7 Be3 55. Bd7+ Kd8 56. Kc6 Bc1 57. Rg8+ Ke7 58. Re8+ Kf7 59. Re2 Bf4 60. Kxb6 Be5 61. Kc6 Rf3 62. Bg4 Rg3 63. Bh5+ Ke7 64. Kc7 Rg5 65. Bf3 Rg3 66. Rxe5+ dxe5 67. d6+ Ke6 68. d7 Rg7 69. Kc8 1-0

[Event "Arco op 40th"]
[Site "Arco"]
[Date "2018.10.16"]
[Round "4"]
[White "Lezzerini, Marco"]
[Black "Macalello, Angelo"]
[Result "1-0"]
[WhiteElo "2107"]
[BlackElo "1612"]
[PlyCount "45"]
[EventDate "2018.10.13"]
[EventType "swiss"]
[EventRounds "9"]
[EventCountry "ITA"]
[SourceTitle "CBM 186 Extra"]
[Source "ChessBase"]
[SourceDate "2018.08.24"]
[SourceVersion "1"]
[SourceVersionDate "2018.08.24"]
[SourceQuality "1"]

1. d4 Nf6 2. c4 e6 3. Nc3 Bb4 4. e3 b6 5. Nge2 Bb7 6. a3 Bxc3+ 7. Nxc3 0-0 8. Bd3 d6 9. 0-0 Nbd7 10. e4 e5 11. d5 Nc5 12. Bc2 a5 13. Be3 Bc8 14. f3 Qe7 15. b4 axb4 16. axb4 Rxa1 17. Qxa1 Na6 18. Rb1 Bb7 19. Na4 Nd7 20. Qc3 Rb8 21. Bd3 Bc8 22. Qc2 c5 23. dxc6 1-0

[Event "Arco op 40th"]
[Site "Arco"]
[Date "2018.10.14"]
[Round "2"]
[White "Lezzerini, Marco"]
[Black "Petrov, Nikita"]
[Result "0-1"]
[WhiteElo "2107"]
[BlackElo "2599"]
[PlyCount "60"]
[EventDate "2018.10.13"]
[EventType "swiss"]
[EventRounds "9"]
[EventCountry "ITA"]
[SourceTitle "CBM 186 Extra"]
[Source "ChessBase"]
[SourceDate "2018.08.24"]
[SourceVersion "1"]
[SourceVersionDate "2018.08.24"]
[SourceQuality "1"]

1. d4 Nf6 2. c4 e6 3. Nc3 Bb4 4. e3 0-0 5. Nge2 c6 6. a3 Ba5 7. Qc2 d5 8. Ng3 Nbd7 9. Be2 e5 10. 0-0 Bc7 11. cxd5 cxd5 12. b4 e4 13. Bd2 Nb6 14. Rfc1 Bxg3 15. hxg3 Bg4 16. f3 Bf5 17. Qb3 Rc8 18. Na4 Nc4 19. Be1 Re8 20. Bf2 Qd6 21. Rc3 Rc7 22. Rac1 Rce7 23. Kh2 exf3 24. gxf3 Ng4+ 25. fxg4 Qh6+ 26. Kg1 Be4 27. Kf1 Qh1+ 28. Bg1 Qg2+ 29. Ke1 Qxg1+ 30. Bf1 Bf3 0-1

[Event "Treviso Lega Master op 2nd"]
[Site "Treviso"]
[Date "2018.03.04"]
[Round "5"]
[White "Sirena, Gianni"]
[Black "Lezzerini, Marco"]
[Result "1/2-1/2"]
[WhiteElo "2092"]
[BlackElo "2163"]
[PlyCount "54"]
[EventDate "2018.03.02"]
[EventType "swiss"]
[EventRounds "5"]
[EventCountry "ITA"]
[SourceTitle "EXT 2022"]
[Source "ChessBase"]
[SourceDate "2021.10.06"]
[SourceVersion "1"]
[SourceVersionDate "2021.10.06"]
[SourceQuality "1"]

1. e4 c5 2. Nf3 e6 3. d4 cxd4 4. Nxd4 Nf6 5. Nc3 d6 6. Be2 Be7 7. 0-0 0-0 8. Be3 Nc6 9. f4 e5 10. fxe5 dxe5 11. Nf5 Bxf5 12. Rxf5 g6 13. Rf1 Nd4 14. Bd3 Rc8 15. Kh1 a6 16. a4 Ne6 17. Qf3 Qd6 18. Bh6 Nd4 19. Qh3 Rfd8 20. Bg5 Nh5 21. Bxe7 Qxe7 22. Nd5 Qg5 23. c3 Ne6 24. Qf3 Rf8 25. g3 Nc7 26. Nb6 Rcd8 27. Rad1 Rd6 1/2-1/2